Murdle Suspects - Statistics

General Stats
  • This quiz has been taken 11 times
  • The average score is 19 of 40
Answer Stats
Answer % Correct
Brother Brownstone
83%
Dame Obsidian
83%
Uncle Midnight
83%
Coach Raspberry
67%
Dr. Crimson
67%
Earl Grey
67%
Father Mango
67%
Lady Violet
67%
Miss Saffron
67%
Mx. Tangerine
67%
Officer Copper
67%
Vice President Mauve
67%
Viscount Eminence
67%
Admiral Navy
50%
Chancellor Tuscany
50%
Chef Aubergine
50%
Babyface Blue
50%
General Coffee
50%
Grandmaster Rose
50%
Judge Pine
50%
Major Red
50%
Secretary Celadon
50%
Signor Emerald
50%
Sister Lapis
50%
The Amazing Aureolin
50%
Captain Slate
33%
Comrade Champagne
33%
Baron Maroon
33%
Bishop Azure
33%
Président Amaranth
33%
Principal Applegreen
33%
Sir Rulean
33%
The Duchess of Vermillion
33%
Deacon Verdigris
17%
Dean Glaucous
17%
Lord Lavender
17%
Mayor Honey
17%
Miss Ruby
17%
Silverton the Legend
17%
Agent Fuchsia
0%
No matching quizzes found
Score Distribution
Percent of People with Each Score
Percentile by Number Answered
Your Score History
You have not taken this quiz